Dedenie z hľadiska zákona o dani z príjmov

Nadobúdanie vlastníctva dedením je vymedzené ustanoveniami zákona č. 40/1964 Zb. Občiansky zákonník v z. n. p. Ilustračné príklady.

Enregistré dans:
Détails bibliographiques
Auteur principal: Brnová, Miroslava
Format: Chapitre de livre
Langue:slovaque
Sujets:
Tags: Ajouter un tag
Pas de tags, Soyez le premier à ajouter un tag!

MARC

LEADER 00000naa a2200000 4500
001 0245478
005 20180614070223.0
041 0 |a slo 
044 |a SK 
245 1 0 |a Dedenie z hľadiska zákona o dani z príjmov  |c Miroslava Brnová 
520 |a Nadobúdanie vlastníctva dedením je vymedzené ustanoveniami zákona č. 40/1964 Zb. Občiansky zákonník v z. n. p. Ilustračné príklady. 
610 2 0 |a dedičstvo 
610 2 0 |a dane z príjmov 
610 2 0 |a zákonník občiansky 
610 2 0 |a daňovníci 
610 2 0 |a zákony 
610 2 0 |a Slovensko 
100 1 |a Brnová, Miroslava